000 00403nam a2200157Ia 4500
005 20251020182600.0
008 200515s9999 xx 000 0 und d
082 _aSC/331.83:658(7/8)/D92
110 _aOficina Internacional del Trabajo
245 0 _aServicios Sociales de las Empresas de América Latina
260 _aGinebra
260 _c1974
300 _a120
650 _aTRABAJO
942 _cLIB
999 _c3018
_d3018